000 00386nam a22001697a 4500
005 20160625112312.0
008 160625b xxu||||| |||| 00| 0 eng d
020 _a81-7188-366-4
041 _aeng
082 _b10032
100 _aShah, Parth J
_91180
245 _aMorality of Markets
260 _bAcademic Foundation
300 _a355
650 _aManagement
_9241
942 _cBK
999 _c3962
_d3961